=LDR 00000nam 2200000 4500 =001 INLIS000000000012391 =005 20130612103923 =008 ***********************************Ind** =035 ##$$0010-061300000012391 =041 ##$$a Ind =082 ##$$a 389 =090 ##$$a 389, Jan h =100 ##$$a Jamaous, Edwon =245 ##$$a Hikayat baktiar, Edwan Jamaus =260 ##$$a 1978 $b Jakarta =300 ##$$a x,79 hlm, 21 cm =650 ##$$a Hikayat =850 ##$$a NBPNMAT